000
00330nam a22001457a 4500
003
OSt
005
20220110145256.0
008
220110b |||||||| |||| 00| 0 eng d
020
_a
0195646312
040
_c
HU
082
_a
333.91
100
_a
Vaidyanathan
_9
27443
245
_a
Water Resiyrce Management
942
_2
ddc
_c
BOOKS
_n
0
999
_c
26338
_d
26338